000 01377nam a22002297a 4500
999 _c18604
_d18604
005 20251125232909.0
008 s2519 th tha d
040 _aNALT
041 _atha
245 1 0 _aสำนักงานเลขาธิการรัฐสภา
260 3 _aกรุงเทพฯ :
_bศูนย์บริการทางวิชาการและกฎหมาย สำนักงานเลขาธิการรัฐสภา,
_c2519
300 _a107 หน้า ;
_b 27 ซม.
610 _aสำนักงานเลขาธิการรัฐสภา. ศูนย์บริการทางวิชาการและกฎหมาย
650 0 4 _aสำนักงานเลขาธิการรัฐสภา -- ทำเนียบนาม
650 0 4 _aสำนักงานเลขาธิการรัฐสภา -- ประวัติ
650 0 4 _aสำนักงานเลขาธิการรัฐสภา -- ประวัติสำนักงานเลขาธิการรัฐสภา -- ทำเนียบนาม
850 _aNALT
856 4 0 _uhttps://hdl.handle.net/20.500.14156/460887
942 _cLB
_02
_2lcc
998 _j8
_k นายบัณฑิต อุทาวงค์
090 _aKD271 ร362ส 2519